000 00441nam a2200181Ia 4500
001 10021
005 20260306161801.0
008 260306t2006||||xx |||||||||||||| ||spa||
041 _aESP
082 _a869.56
_bV19
100 _aValdez Fernández Baca, Luis Manuel,
_eAUT
245 0 _aEl cóndor y la golondrina
260 _c2006
300 _a127 páginas :
_c21 cm.
650 _aGEN
654 _aCHU
942 _cLIB
_dJUS
_fJUS
_2ddc
_n
999 _c10021
_d10021